NBA QUIZ #3 - Statistics

General Stats
  • This quiz has been taken 4 times
  • The average score is 1 of 8
Answer Stats
Hint Answer % Correct
Mitchell Robinson seasonal best fg% season fg% 74%
75%
44 year old player Kevin Willis
25%
Utah 27 pick 2020 Udoka Azubuike
25%
Amount of points Karl Malone (the trash dude) scored in his career 36374
0%
1951 all star game mvp Ed Mcauley
0%
teams Shaquille O Neal played for magic lakers heat cavaliers celtics suns
0%
1997 pick 5 Tony Battie
0%
1970 finals mvp Willis Reed
0%
No matching quizzes found
Score Distribution
Percent of People with Each Score
Percentile by Number Answered
Your Score History
You have not taken this quiz